[Event "Test anti-draw scoring"]
[Site "SchemingMind.com"]
[Date "2014.09.14"]
[Round "-"]
[White "The Stonewall"]
[Black "Eric111"]
[Result "1-0"]
[WhiteCountry "ENG"]
[BlackCountry "USA"]
[WhiteElo "2340"]
[WhiteRD "98"]
[BlackElo "1465"]
[BlackRD "47"]
[GameID "364585"]

1. e4 c6 2. d3 d5 3. Nd2 e5 4. Ngf3 Bd6 5. d4 exd4 6. exd5 Qe7+ 7. Qe2 cxd5 8. Nxd4 Qxe2+ 9. Bxe2 Nc6 10. N2b3 Nge7
11. Be3 Ne5 12. Nb5 Bb8 13. O-O-O O-O 14. Rhe1 Re8 15. Bc5 Be6 16. Nd6 Bxd6 17. Bxd6 N7g6 18. Nc5 b6 19. Bb5 Rec8 20. Nxe6 fxe6
21. Bxe5
1-0

[Event "Test anti-draw scoring"]
[Site "SchemingMind.com"]
[Date "2014.09.14"]
[Round "-"]
[White "tiggeronvrb"]
[Black "The Stonewall"]
[Result "0-1"]
[WhiteCountry "SCO"]
[BlackCountry "ENG"]
[WhiteElo "1794"]
[WhiteRD "68"]
[BlackElo "2340"]
[BlackRD "98"]
[GameID "364586"]

1. e4 c5 2. Nf3 a6 3. d4 cxd4 4. c3 dxc3 5. Nxc3 e6 6. Bc4 b5 7. Bb3 Bb7 8. Qe2 Nf6 9. e5 b4 10. Na4 Nd5
11. O-O Be7 12. Rd1 Qa5 13. Bd2 Bc6 14. a3 Bxa4 15. axb4 Qb5 16. Bc4 Bxd1
0-1

[Event "Test anti-draw scoring"]
[Site "SchemingMind.com"]
[Date "2014.09.19"]
[Round "-"]
[White "The Stonewall"]
[Black "emvarela"]
[Result "1-0"]
[WhiteCountry "ENG"]
[BlackCountry "ARG"]
[WhiteElo "2293"]
[WhiteRD "93"]
[BlackElo "1627"]
[BlackRD "46"]
[GameID "364587"]

1. e4 e5 2. Bc4 c6 3. d4 d5 4. exd5 cxd5 5. Bb5+ Bd7 6. Bxd7+ Nxd7 7. dxe5 Nxe5 8. Ne2 Nf6 9. O-O Bc5 10. Nbc3 O-O
11. Bg5 h6 12. Bxf6 gxf6 13. Nxd5 f5 14. Ng3 Qg5 15. b4 Bb6 16. Nxb6 axb6 17. f4 Qg4 18. fxe5 Qxb4 19. Nxf5
1-0

[Event "Test anti-draw scoring"]
[Site "SchemingMind.com"]
[Date "2014.09.15"]
[Round "-"]
[White "Phillip Beckett"]
[Black "The Stonewall"]
[Result "0-1"]
[WhiteCountry "ENG"]
[BlackCountry "ENG"]
[WhiteElo "1606"]
[WhiteRD "49"]
[BlackElo "2340"]
[BlackRD "98"]
[GameID "364588"]

1. e4 c5 2. Nf3 g6 3. d4 cxd4 4. Nxd4 Nc6 5. Be3 Nf6 6. Nc3 Bg7 7. f3 O-O 8. Qd2 d5 9. Nxc6 bxc6 10. exd5 cxd5
11. O-O-O Bb7 12. Bd4 Qc7 13. Bxf6 Bxf6 14. Nxd5 Bxd5 15. Qxd5 Rad8 16. Qc4 Bg5+ 17. f4 Bxf4+
0-1

[Event "Test anti-draw scoring"]
[Site "SchemingMind.com"]
[Date "2014.09.15"]
[Round "-"]
[White "The Stonewall"]
[Black "Scooter"]
[Result "1-0"]
[WhiteCountry "ENG"]
[BlackCountry "USA"]
[WhiteElo "2340"]
[WhiteRD "98"]
[BlackElo "1706"]
[BlackRD "48"]
[GameID "364589"]

1. e4 c6 2. d4 d5 3. f3 e6 4. Nc3 Bb4 5. Bf4 Nf6 6. Qd3 Bxc3+ 7. bxc3 dxe4 8. fxe4 Nh5 9. Bd2 Nd7 10. e5 g6
11. Nf3 c5 12. Be2 cxd4 13. cxd4 O-O 14. O-O a6 15. Ng5 Ng7 16. Rf2 Nf5 17. g4 Nh6 18. Qh3 Kg7 19. Rxf7+ Rxf7 20. Nxe6+
1-0

[Event "Test anti-draw scoring"]
[Site "SchemingMind.com"]
[Date "2014.09.15"]
[Round "-"]
[White "kenneth m day"]
[Black "The Stonewall"]
[Result "0-1"]
[WhiteCountry "USA"]
[BlackCountry "ENG"]
[WhiteElo "1669"]
[WhiteRD "52"]
[BlackElo "2293"]
[BlackRD "93"]
[GameID "364590"]

1. e4 d5 2. exd5 Qxd5 3. d4 Nc6 4. Nf3 Bg4 5. c4 Qa5+ 6. Bd2 Qf5 7. Be3 O-O-O 8. Bd3 Qf6 9. Nbd2 Bxf3 10. Nxf3 g6
11. Be2 Nh6 12. Qd2 e6 13. Bxh6 Bb4 14. Bg5 Bxd2+ 15. Kxd2 Rxd4+ 16. Nxd4 Qxd4+ 17. Kc2 Qxf2 18. Kd2 f6 19. Be3 Rd8+
0-1

[Event "Test anti-draw scoring"]
[Site "SchemingMind.com"]
[Date "2014.09.15"]
[Round "-"]
[White "The Stonewall"]
[Black "ray winteringham"]
[Result "1-0"]
[WhiteCountry "ENG"]
[BlackCountry "ENG"]
[WhiteElo "2340"]
[WhiteRD "98"]
[BlackElo "1518"]
[BlackRD "50"]
[GameID "364591"]

1. e4 e5 2. Bc4 Nf6 3. d4 Bd6 4. dxe5 Bxe5 5. f4 Bd6 6. e5 Qe7 7. Qe2 Bb4+ 8. c3 Bxc3+ 9. bxc3 Ng8 10. Nf3 f6
11. O-O Nh6 12. Re1 f5 13. Ba3 Qd8 14. Ng5 Nc6 15. Qh5+
1-0

[Event "Test anti-draw scoring"]
[Site "SchemingMind.com"]
[Date "2014.09.14"]
[Round "-"]
[White "The Stonewall"]
[Black "SAMAEL"]
[Result "1-0"]
[WhiteCountry "ENG"]
[BlackCountry "CAN"]
[WhiteElo "2293"]
[WhiteRD "93"]
[BlackElo "1775"]
[BlackRD "48"]
[GameID "364592"]

1. e4 e5 2. Bc4 d6 3. Nc3 Nc6 4. Nge2 Nf6 5. O-O Be7 6. d3 O-O 7. f4 Na5 8. Bb3 Nxb3 9. axb3 Bd7 10. h3 h6
11. Be3 Re8 12. Qe1 Nh7 13. Qf2 f6 14. f5 Kh8 15. h4 a6 16. Nd5 Bc6 17. Nec3 Bf8 18. Qe2 Bxd5 19. Nxd5 Be7 20. c4 c5
21. Qg4 Rg8 22. Qg6 Rc8 23. Qf7 Re8 24. Rf3 b5 25. Rg3 Bf8 26. Rxa6 b4 27. Ra7 Ra8 28. Rxg7
1-0

[Event "Test anti-draw scoring"]
[Site "SchemingMind.com"]
[Date "2014.09.14"]
[Round "-"]
[White "The Stonewall"]
[Black "klapa"]
[Result "1-0"]
[WhiteCountry "ENG"]
[BlackCountry "POL"]
[WhiteElo "2340"]
[WhiteRD "98"]
[BlackElo "1404"]
[BlackRD "61"]
[GameID "364593"]

1. e4 e5 2. Bc4 Nf6 3. d4 Nxe4 4. dxe5 Bc5 5. Bxf7+ Kxf7 6. Qd5+ Kf8 7. Qxe4 Nc6 8. Nc3 Bb4 9. Ne2 d6 10. exd6 Bxd6
11. Bf4 Nb4 12. O-O-O Be6 13. Qxe6 a5 14. Rxd6 Qe8 15. Qxe8+ Rxe8 16. Rd2 h5 17. Bxc7 Rh6 18. Bxa5 Nc6 19. Bc7 Rc8 20. Bf4 b5
21. Bxh6 b4 22. Bxg7+ Kxg7 23. Nd5 Ra8 24. Kb1 b3 25. a3 bxc2+ 26. Rxc2 Ne5 27. Nef4 Kh6 28. Re1 Re8 29. Nd3 Rd8 30. Rxe5 Kg6
31. Rc6+ Kf7 32. N3f4 h4 33. Re7+ Kg8 34. Rg6+ Kf8 35. Ne6#
1-0

[Event "Test anti-draw scoring"]
[Site "SchemingMind.com"]
[Date "2014.09.14"]
[Round "-"]
[White "Stephen Woodhouse"]
[Black "The Stonewall"]
[Result "0-1"]
[WhiteCountry "ENG"]
[BlackCountry "ENG"]
[WhiteElo "1838"]
[WhiteRD "49"]
[BlackElo "2340"]
[BlackRD "98"]
[GameID "364594"]

1. e4 e6 2. d4 c5 3. c3 d5 4. exd5 Qxd5 5. Nf3 Nf6 6. Be3 cxd4 7. cxd4 Nc6 8. Nc3 Qd6 9. a3 Be7 10. Bd3 O-O
11. O-O Rd8 12. Qe2 b6 13. Rac1 Bb7 14. Rfd1 Rac8 15. Bb1 Nd5 16. Qd3 g6 17. Ba2 Nxc3 18. Rxc3 Bf6 19. Rc2 Ne7 20. Rxc8 Rxc8
21. Rc1 Rxc1+ 22. Bxc1 Nf5 23. Be3 Bxf3 24. gxf3 Bxd4 25. Bxd4 Qxd4 26. Qxd4 Nxd4 27. Kg2 Kg7 28. f4 Kf6 29. Bb1 Ke7 30. Kg3 Kd6
31. Kg4 h6 32. h4 f5+ 33. Kg3 Nb3 34. h5 gxh5 35. Kh4 Nd2 36. Ba2 Ne4 37. Kxh5 Nxf2 38. Kxh6 Nh3
0-1

[Event "Test anti-draw scoring"]
[Site "SchemingMind.com"]
[Date "2014.09.14"]
[Round "-"]
[White "Robert Bruce"]
[Black "The Stonewall"]
[Result "1/2-1/2"]
[WhiteCountry "SCO"]
[BlackCountry "ENG"]
[WhiteElo "2114"]
[WhiteRD "80"]
[BlackElo "2276"]
[BlackRD "88"]
[GameID "364595"]

1. c4 Nc6 2. Nc3 e5 3. g3 f5 4. Nf3 Nf6 5. d4 e4 6. Nh4 d5 7. Bg5 Bb4 8. cxd5 Qxd5 9. Bxf6 gxf6 10. e3 Bd7
11. Qh5+ Qf7 12. Qxf7+ Kxf7 13. Bc4+ Kg7 14. O-O Ne7 15. Ng2 Ng6 16. Nd5 Bd6 17. Ndf4 Kh6 18. f3 Nxf4 19. Nxf4 Rhe8 20. fxe4 Rxe4
21. Nd5 Kg6 22. Bd3 Ree8 23. Rf3 Rad8 24. Raf1 Kg7 25. Bxf5 Bb5 26. Rc1 Bc6 27. e4 Bxd5 28. exd5 Re2 29. Rb3 b6 30. Rc2 Rde8
31. Kf1 Re1+ 32. Kg2 R8e7 33. Kf3 Rf1+ 34. Rf2 Ree1 35. Bc2 Rxf2+ 36. Kxf2 Rh1 37. Kg2 Re1 38. Rf3 Ra1 39. a3 Ra2 40. Rb3 a5
41. Bb1 Ra1 42. Be4 Re1 43. Kf3 Rh1 44. h4 Rh2 45. a4 Rd2 46. Bd3 h5 47. Bb5 Rxd4 48. Rd3 Rg4 49. Kg2 Re4 50. Kh3 Re2
51. b3 Kg6 52. Rf3 Re5 53. Bd3+ Kg7 54. Bc4 Re1 55. Bb5 Re5 56. Bc6 Kf7 57. g4 hxg4+ 58. Kxg4 Re4+ 59. Kh3 Re5 60. Bb5=
1/2-1/2

[Event "Test anti-draw scoring"]
[Site "SchemingMind.com"]
[Date "2014.09.15"]
[Round "-"]
[White "Ramesh Panwar"]
[Black "The Stonewall"]
[Result "1/2-1/2"]
[WhiteCountry "IND"]
[BlackCountry "ENG"]
[WhiteElo "2110"]
[WhiteRD "88"]
[BlackElo "2340"]
[BlackRD "98"]
[GameID "364596"]

1. c4 d6 2. d4 Nf6 3. Nc3 g6 4. e4 Bg7 5. Nf3 O-O 6. Be2 Nbd7 7. O-O e5 8. dxe5 dxe5 9. Be3 Re8 10. Qc2 c6
11. Rfd1 Qe7 12. h3 Nh5 13. Rd2 Nf4 14. Rad1 Nc5 15. Bf1 a5 16. Bxc5 Qxc5 17. Na4 Qe7 18. Nb6 Rb8 19. Nxc8 Rexc8 20. Rd7 Qe8
21. c5 Rd8 22. Rxd8 Rxd8 23. Rxd8 Qxd8 24. Bc4 Bf6 25. Kh2 Qe7 26. g3 Ne6 27. Bxe6 Qxe6 28. a4 Bd8 29. Kg2 Bc7 30. h4 Kg7
31. Qd2 Qe7 32. Qc3 Qe6 33. Nd2=
1/2-1/2

[Event "Test anti-draw scoring"]
[Site "SchemingMind.com"]
[Date "2014.09.15"]
[Round "-"]
[White "palberto63"]
[Black "The Stonewall"]
[Result "1-0"]
[WhiteCountry "CUB"]
[BlackCountry "ENG"]
[WhiteElo "2120"]
[WhiteRD "74"]
[BlackElo "2293"]
[BlackRD "93"]
[GameID "364597"]

1. e4 Nc6 2. d4 e5 3. d5 Nce7 4. Bd3 Ng6 5. Be3 Nf6 6. Nf3 Ng4 7. Bd2 Bc5 8. O-O O-O 9. b4 Be7 10. c4 d6
11. Nc3 a5 12. b5 Bd7 13. Rb1 b6 14. Bc2 h6 15. Ne2 Nf6 16. Ng3 Bc8 17. Bc1 Nd7 18. Ba3 Nc5 19. Nf5 Bf6 20. Re1 Ne7
21. Ne3 Bd7 22. Qe2 Qc8 23. Bxc5 bxc5 24. Rb3 Qb7 25. Nd2 Bg5 26. Nf5 Qc8 27. Nxe7+ Bxe7 28. Qe3 Bg5 29. Qc3 Qb7 30. Ra3 Qb6
31. Ra4 Bg4 32. Rb1 Bxd2 33. Qxd2 Bh5 34. Rb3 Ra7 35. Rh3 Bg6 36. Raa3 Kh7 37. Rh4 Rh8 38. f4 exf4 39. Qxf4 Qb8 40. e5 Bxc2
41. Qxf7 Qf8 42. Rxh6+ Kxh6 43. Rh3+ Kg5 44. Rh5+ Rxh5 45. Qxf8 Bg6 46. Qe7+ Kf4 47. exd6 Re5 48. Qh4+ Kf5 49. Qf2+ Ke4 50. d7 Ra8
51. d6
1-0